| 000 | 01247nac a22003491u 4500 | ||
|---|---|---|---|
| 003 | EG-ScBUE | ||
| 005 | 20211115105347.0 | ||
| 006 | a||||fr|||| 00| 0 | ||
| 008 | 100311t2005 nyua f b 001 0 eng d | ||
| 020 | _a0071111484 | ||
| 020 | _a9780071111485 | ||
| 040 |
_aEG-ScBUE _beng _erda _cEG-ScBUE _dEG-ScBUE |
||
| 082 | 0 | 4 |
_a808.0427 _bLAN _222 |
| 100 | 1 |
_aLangan, John, _d1942- _eauthor. _912504 |
|
| 245 | 1 | 0 |
_aCollege writing skills with readings / _cJohn Langan, Atlantic Cape Community College. |
| 250 |
_aSixth edition, _bMcGraw-Hill international edition. |
||
| 264 | 1 |
_aNew York, NY : _bMcGraw-Hill Companies, _c[2005] |
|
| 264 | 4 | _cc2005 | |
| 300 |
_axxii, 734 pages : _billustrations (some color) ; _c24 cm |
||
| 336 |
_2rdacontent _atext _btxt |
||
| 337 |
_2rdamedia _aunmediated _bn |
||
| 338 |
_2rdacarrier _avolume _bnc |
||
| 504 | _aIncludes bibliographical references and index. | ||
| 590 | _aMenna ELemam | ||
| 650 | 7 |
_aEnglish language _xRhetoric. _912505 _2BUEsh |
|
| 650 | 7 |
_aEnglish language _vTextbooks for foreign speakers. _2BUEsh _910859 |
|
| 650 | 7 |
_aCollege readers. _2BUEsh _912506 |
|
| 651 | _2BUEsh | ||
| 653 |
_cAugust2015 _bHHUUEENN |
||
| 655 |
_vReading book _934232 |
||
| 942 |
_cBB _2ddc _k808.0427 LAN |
||
| 999 |
_c34 _d34 |
||